Statistics for Belgium Euro 2021 Squad

Click here to take the quiz!

General Stats

  • This quiz has been taken 35 times
  • The average score is 20 of 26

Answer Stats

PositionClubPlayer% Correct
MFReal MadridEden Hazard
96%
MFManchester CityKevin De Bruyne
96%
FWInter MilanRomelu Lukaku
96%
GKReal MadridThibaut Courtois
96%
MFBorussia DortmundThorgan Hazard
96%
FWNapoliDries Mertens
92%
DFTottenham HotspurToby Alderweireld
92%
MFAtletico MadridYannick Carrasco
92%
MFLeicester CityYouri Tielemans
92%
MFBorussia DortmundAxel Witsel
88%
FWCrystal PalaceChristian Benteke
84%
DFSL BenficaJan Vertonghen
84%
MFWolvesLeander Dendoncker
80%
GKClub BruggeSimon Mignolet
80%
MFLeicester CityDennis Praet
76%
DFBorussia DortmundThomas Meunier
76%
FWCrystal PalaceMichy Batshuayi
64%
DFVissel KobeThomas Vermaelen
64%
DFLeicester CityTimothy Castagne
64%
MFClub BruggeHans Vanaken
60%
DFOlympique LyonJason Denayer
60%
FWBrighton & Hove AlbionLeandro Trossard
60%
FWStade RennesJeremy Doku
48%
GKRC StrasbourgMatz Sels
48%
DFHertha BSCDedryck Boyata
44%
MFIstanbul BasaksehirNacer Chadli
36%

Score Distribution

Percentile by Number Answered

Percent of People with Each Score

Your Score History

You have not taken this quiz